Sturdevant's art and science of operative dentistry / (Record no. 170967)

MARC details
000 -LEADER
fixed length control field 00943nam a22002657a 4500
003 - CONTROL NUMBER IDENTIFIER
control field OSt
005 - DATE AND TIME OF LATEST TRANSACTION
control field 20250424093749.0
008 - FIXED-LENGTH DATA ELEMENTS--GENERAL INFORMATION
fixed length control field 240807b |||||||| |||| 00| 0 eng d
020 ## - INTERNATIONAL STANDARD BOOK NUMBER
International Standard Book Number 9780323478335 (hardcover)
040 ## - CATALOGING SOURCE
Original cataloging agency NUST
Language of cataloging eng
Transcribing agency NUST
Modifying agency NUST
Description conventions rda
050 ## - LIBRARY OF CONGRESS CALL NUMBER
Classification number RK501 RIT
100 ## - MAIN ENTRY--PERSONAL NAME
Personal name Ritter, Andre V
Relator term Author
245 ## - TITLE STATEMENT
Title Sturdevant's art and science of operative dentistry /
Statement of responsibility, etc. André V Ritter, Lee W Boushell and Ricardo Walter.
250 ## - EDITION STATEMENT
Edition statement Seventh edition.
260 ## - PUBLICATION, DISTRIBUTION, ETC.
Place of publication, distribution, etc. St Louis :
Name of publisher, distributor, etc. Elsevier,
Date of publication, distribution, etc. 2019.
300 ## - PHYSICAL DESCRIPTION
Extent xii, 530 pages :
Other physical details Illustrations ;
Dimensions 26 cm.
336 ## - CONTENT TYPE
Source rdamedia
Content type term text
Content type code txt
337 ## - MEDIA TYPE
Source rdamedia
Media type term unmediated
Media type code n
338 ## - CARRIER TYPE
Source rdamedia
Carrier type term volume
Carrier type code nc
504 ## - BIBLIOGRAPHY, ETC. NOTE
Bibliography, etc. note Includes bibliographical references and index.
650 ## - SUBJECT ADDED ENTRY--TOPICAL TERM
Form subdivision Operative - Dentistry.
700 ## - ADDED ENTRY--PERSONAL NAME
Personal name Boushell, Lee W
Relator term Author
700 ## - ADDED ENTRY--PERSONAL NAME
Personal name Walter, Ricardo
Relator term Author
942 ## - ADDED ENTRY ELEMENTS (KOHA)
Source of classification or shelving scheme Library of Congress Classification
Koha item type Ordinary Loan Books
Edition Seventh edition.
Classification part RK501 RIT
Call number prefix RK
Call number suffix RIT
Suppress in OPAC No
Holdings
Withdrawn status Lost status Source of classification or shelving scheme Damaged status Not for loan Collection Home library Current library Shelving location Date acquired Source of acquisition Cost, normal purchase price Total Checkouts Full call number Barcode Date last seen Accession number Cost, replacement price Price effective from Koha item type Public note
    LCC     NFIC MEDICAL MEDICAL GEN 08/07/2024 Book Aid International 50.00   RK501 RIT 92004052266 08/07/2024 59858 50.00 08/07/2024 BOOKS Donation
    LCC     NFIC MEDICAL MEDICAL GEN 04/24/2025 Book Aid International 157.00   RK501 RIT 92004055255 04/24/2025 61130 157.00 04/24/2025 BOOKS Donation